01651nam a22003614c 4500003000900000008004100009020001800050040003100068041001900099080001000118100002400128245003000152250002200182264004200204300004100246336002700287337003300314338002800347490001900375505012200394520018300516521002700699650002700726650002600753700003700779700003600816942001400852999001300866952010300879952010100982952010301083952010301186AR-BaSMT260325b2018 aga|||br|||| 000 1 spa d a9789873854439 aBSGBbespañolcBSGBerda0 aspahespañol a82-341 aFeoli, Daniela943310aCuentos de amor y amistad aPrimera edición 1aBuenos aires : bDel Naranjo , c2018 a32 páginas ; bilustraciones color 2rdacontentatextobtxt 2rdamediaasin mediaciónbn 2rdacarrieravolumenbnc aYa se leer v3 a- Sapo enamorado, Daniela Feoli - La luz de Lucila, Karina Echevarría. La tortuga y la oruga, Estefanía Bonafine. aTres cuentos de distintos autores, con ilustraciones a todo color, para que los primeros lectores se afiancen en la práctica de la lectura en letras de imprenta minúsculas.  aA partir de 6 años.  798aLITERATURA INFANTIL 7923aCUENTOzArgentina1 aEchevarría, KarinaeAutor94341 aBonafine, EstefaniaeAutor9435 2ddcaBOOK c598d598 00102ddc40aBSGBbBSGBcAmarilloedonación editoriali000686l0o82-34 FEOp000686t1yBOOKf 00102ddc40aBSGBbBSGBcAmarilloedonación editoriali000708l0o82-34 FEOp000708t2yBOOK 00102ddc40aBSGBbBSGBcAmarilloedonación editoriali000716l0o82-34 FEOp000716t3yBOOKf 00102ddc40aBSGBbBSGBcAmarilloedonación editoriali000727l0o82-34 FEOp000727t4yBOOKf